| 000 | 01298nam a22003617a 4500 | ||
|---|---|---|---|
| 003 | CHAP | ||
| 005 | 20220329133927.0 | ||
| 008 | 971013s1991 r 00010 d | ||
| 010 | _a12801 | ||
| 011 | _a13773 | ||
| 035 | _a17845 | ||
| 040 | _cCHAP | ||
| 090 | _aTesis | ||
| 100 | 0 | 0 |
_aNúñez Reynoso, Judith Elizabeth. _981973 |
| 245 | _aEstudio florístico de la vertiente oriental de la sierra de Alcaparrosa, en el estado de México | ||
| 260 |
_aLos Reyes Iztacala, Méx. : _bEl autor, _c1991 |
||
| 300 |
_a122 h. _b; mapas |
||
| 502 | _aTesis (Lic. en Biología) -- UNAM. Escuela Nacional de Estudios Profesionales Iztacala | ||
| 590 |
_aALEPH _b10 _c20130110 _lUCH01 _h1231 |
||
| 590 |
_aBATCH-UPD _b10 _c20130109 _lUCH01 _h2317 |
||
| 590 |
_aBATCH-UPD _b10 _c20130110 _lUCH01 _h0059 |
||
| 590 |
_aBATCH-UPD _b10 _c20130110 _lUCH01 _h2011 |
||
| 590 |
_aBATCH-UPD _b10 _c20130409 _lUCH01 _h1838 |
||
| 590 |
_aBATCH-UPD _b10 _c20130410 _lUCH01 _h1330 |
||
| 590 |
_aBATCH-UPD _b10 _c20130914 _lUCH01 _h0728 |
||
| 590 |
_aCONVERSION _b10 _c20130109 _lUCH01 _h1308 |
||
| 650 | 1 | 4 |
_aBotánica _xCatálogos y colecciones. _914511 |
| 650 | 1 | 4 |
_aBotánica _xValle de México. _914631 |
| 650 | 1 | 4 |
_aFitogeografía. _941157 |
| 901 | _aBK | ||
| 942 | _cTESIS | ||
| 949 |
_bBC _cTES _d-41817 _eTS1 _h30150 _i17845 _si |
||
| 999 |
_c12801 _d12801 |
||